Sites of special scientific interest (Record no. 102823)

MARC details
000 -LEADER
fixed length control field 01148cam a2200217 4500
001 - CONTROL NUMBER
control field J122310
008 - FIXED-LENGTH DATA ELEMENTS--GENERAL INFORMATION
fixed length control field 030514n2003 000 0 eng u
035 ## - SYSTEM CONTROL NUMBER
System control number (Sirsi) u122310
041 ## - LANGUAGE CODE
Language code of text/sound track or separate title eng
050 ## - LIBRARY OF CONGRESS CALL NUMBER
Classification number 639.9
-- 18
110 ## - MAIN ENTRY--CORPORATE NAME
Corporate name or jurisdiction name as entry element DEFRA
245 ## - TITLE STATEMENT
Title Sites of special scientific interest
Remainder of title encouraging positive partnerships
260 ## - PUBLICATION, DISTRIBUTION, ETC.
Place of publication, distribution, etc. London
Name of publisher, distributor, etc. DEFRA
Date of publication, distribution, etc. 2003
520 ## - SUMMARY, ETC.
Summary, etc. A new DEFRA code of guidance on the protection and management of Sites of Special Scientific Interest (SSSIs). The code provides recommendations, advice and information on how the provisions of the Countryside and Rights of Way Act 2000 should operate to English Nature, public and private bodies and will be of interest to individual owners and occupiers. View at www.defra.gov.uk/wildlife-countryside/.
650 ## - SUBJECT ADDED ENTRY--TOPICAL TERM
Topical term or geographic name entry element NATURE CONSERVATION
650 ## - SUBJECT ADDED ENTRY--TOPICAL TERM
Topical term or geographic name entry element COUNTRYSIDE AND RIGHTS OF WAY ACT 2000
650 ## - SUBJECT ADDED ENTRY--TOPICAL TERM
Topical term or geographic name entry element SITES OF SPECIAL SCIENTIFIC INTEREST
690 ## - LOCAL SUBJECT ADDED ENTRY--TOPICAL TERM (OCLC, RLIN)
Topical term or geographic name as entry element ENVIRONMENTAL AND LAND CONSULTANCY-ENVIRONMENTAL MANAGEMENT
856 ## - ELECTRONIC LOCATION AND ACCESS
Uniform Resource Identifier <a href="https://www.defra.gov.uk/wildlife-countryside/ewd/sssi/sssi-code.pdf">https://www.defra.gov.uk/wildlife-countryside/ewd/sssi/sssi-code.pdf</a>
Hours access method available Vie the code (pdf 199kb) on the DEFRA website...
942 ## - ADDED ENTRY ELEMENTS (KOHA)
Suppress in OPAC 0
Holdings
Withdrawn status Lost status Source of classification or shelving scheme Damaged status Not for loan Home library Current library Shelving location Date acquired Total Checkouts Full call number Barcode Date last seen Copy number Price effective from Koha item type
    Dewey Decimal Classification     Virtual Virtual Online 19/05/2003   ONLINE PUBLICATION 122310-1001 06/08/2019 1 06/08/2019 Book